000 00503nam a2200181Ia 4500
003 GCL
008 140319s9999 xx 000 0 ara d
040 _aGCL /
_cGCL
082 0 4 _a658.3
_bم ا
100 1 _aمصطفى نجيب شاويش
245 1 0 _aادارة الافراد /
_cمصطفى نجيب شاويش
300 _a375 ص
490 _a
650 0 4 _aادارة الافراد
650 0 4 _aتقييم الوظائف
650 0 4 _aالعلاقات الوظيفية
942 _2ddc
_cBK
999 _c46520
_d46520